000 00660nam a2200241Ia 4500
003 OSt
005 20220925231558.0
006 a|||||r|||| 00| 0
007 ta
008 220923b |||||||| |||| 00| 0 eng d
037 _cGeneral Book
040 _aRTL
_cRTL
_beng
041 _2eng
_aeng
082 _aX65:515, N9
100 _aKolb Robert W
_9248159
245 0 _aFutures, options and swaps
260 _aMalden
_bBlackwell
_c1999
300 _axiv, 804p. Appendix p 779-84
_ccm.
500 _aTwo Floppies included
650 _aInvestment
942 _hX65:515, N9
_cGB
_2CC
999 _c588870
_d588870